00553nam a2200181Ia 4500001000800000003000500008008004100013010001100054040000900065100002100074245008000095260009100175300001000266410003400276650001400310700002000324700002700344Para_34CHAP220125s1955 xx 000 0 und d a198694 cCHAP aCaballero B., C. aEl gusano bellotero /c por C. Caballero B., R. Galarza, D. G. de la Garza aCd. Delicias, Chih. :b Patronato para la Investigación, Fomento y Defensa Agricola a34 p. aBoletín de divulgación; 4 aHeliothis aI. Galarza, R.  aII. Garza, D. G. de la